Obálka Náhled e-knihy:
Epub
Pro půjčování e-knih musíte být přihlášeni.
Jak si půjčit online?

Pandořina hvězda. Invaze /

V XXIV. století díky technologii červích děr lidstvo kolonizovalo řadu planet a vytvořilo obrovskou komunitu s názvem Společenství. Brzy se ale mělo setkat s jinými než jen s přátelskými nebo neutrálními formami mimozemského života.

Uloženo v:
Série:Sága Společenství, část 2
Hlavní autor: Hamilton, Peter F., 1960- (Autor)
Další autoři: Kotrle, Petr, 1967- (Autor)
Médium: E-kniha
Jazyk:Czech
Vydáno: Praha : Planeta9, 2019
Vydání:Vydání první
Témata:
Příbuzné jednotky:Z cyklu:: Sága Společenství
Tagy:
Žádné tagy
LEADER 02889nam a2200457 i 4500
001 311033
003 CZ PrSKC
005 20260601215658.0
007 ta
008 190423s2019 xr g 000 f cze
015 |a cnb003081719 
020 |a 9788090737167  |q (brožováno)  |z 978-80-906985-6-7 :  |c Kč 499,00 
035 |a (OCoLC)1111983193 
040 |a ABG001  |b cze  |d OLA001  |e rda 
041 1 |a cze  |h eng 
072 7 |a 821.111-3  |x Anglická próza, anglicky psaná  |2 Konspekt 
080 |a 821.111-31  |2 MRF 
080 |a (0:82-311.9)  |2 MRF 
100 1 |a Hamilton, Peter F.,  |d 1960-  |7 xx0012750  |4 aut 
240 1 0 |a Pandora's star.  |l Česky 
245 1 0 |a Pandořina hvězda.  |p Invaze /  |c Peter F. Hamilton ; přeložil Petr Kotrle 
246 3 0 |a Invaze 
250 |a Vydání první 
264 1 |a Praha :  |b Planeta9,  |c 2019 
300 |a 590 stran ;  |c 20 cm 
336 |a text  |b txt  |2 rdacontent 
337 |a bez média  |b n  |2 rdamedia 
338 |a svazek  |b nc  |2 rdacarrier 
500 |a Přeloženo z angličtiny 
520 2 |a V XXIV. století díky technologii červích děr lidstvo kolonizovalo řadu planet a vytvořilo obrovskou komunitu s názvem Společenství. Brzy se ale mělo setkat s jinými než jen s přátelskými nebo neutrálními formami mimozemského života.  |b Poklidné spolužití Společenství skončilo, když jeden bezvýznamný astronom objevil záhadnou hvězdu oddělenou od okolního světa neprostupnou energetickou bariérou. Lidstvo vysílá k této hvězdě misi s cílem odhalit tajemství hvězdy. Expedice však na místě místo zkoumání záhadné bariéry zaznamená její stejně nevysvětlitelné zmizení. Silové pole bylo vytvořeno k uvěznění extrémně agresivního a krutého druhu, který jakoukoli jinou inteligentní rasu považuje za smrtelnou hrozbu pro svou existenci. Po pádu bariéry cizí vetřelci okamžitě zaútočí na nepřipravené Společenství. Bez slitování vyhlazují jednu planetu za druhou. Tisíce lidé umírají a další v hrůze a zmatku opouštějí domovy. Je to chvíle, kdy je třeba se vzchopit a vzdorovat. Nakladatelská anotace. Kráceno. 
655 7 |a anglické romány  |7 fd131814  |2 czenas 
655 7 |a vědecko-fantastické romány  |7 fd133847  |2 czenas 
655 9 |a English fiction  |2 eczenas 
655 9 |a science fiction novels  |2 eczenas 
700 1 |a Kotrle, Petr,  |d 1967-  |7 mzk2003187206  |4 trl 
787 0 8 |i Z cyklu:  |t Sága Společenství  |g 2 
900 |a ABA001  |b 20 
044 |a xr 
910 |a RBIT002 
998 |d 184602  |a https://core.palmknihy.cz/api/books/184602/cover?pq0jaj  |b https://core.palmknihy.cz/api/books/184602/cover/400?pq0jaj  |c https://core.palmknihy.cz/api/books/184602/cover/50?pq0jaj  |e 2026-08-31  |g 590  |i 9788090737167  |j https://core.palmknihy.cz/api/books/184602/preview.epub  |l   |q 49  |r 1  |s https://www.palmknihy.cz/kniha/184602  |t ebook  |y 2019  |z 0  |v Sága Společenství  |w 2 
999 |d 311031